| 000 | 00661nam a2200193 a 4500 | ||
|---|---|---|---|
| 001 | 000007345 | ||
| 005 | 20200929154136.0 | ||
| 008 | 090908s1986 dr a 001 0 spa d | ||
| 040 |
_aDO-SdBNP _bspa _cBNPHU |
||
| 082 |
_a614.07 _bB731e |
||
| 100 | 1 |
_aBorrell Bentz, Rosa María _920427 |
|
| 245 | 1 | 3 |
_aLa educación para la salud en República Dominicana / _cRosa María Borrell Bentz. |
| 260 |
_aSanto Domingo : _bUniversitaria-UASD, _c1986. |
||
| 300 |
_a137 p. : _bil. ; _c21 cm. |
||
| 490 | 1 |
_aSalud y sociedad ; _v12 |
|
| 504 | _aIncluye referencias bibliográficas | ||
| 650 | 4 |
_aEducacion en salud _xMetodos _920428 |
|
| 830 | 0 |
_aSalud y sociedad ; _n12 _920429 |
|
| 999 |
_c7126 _d7126 |
||